Word Ladder: Gardener's Mark Quiz Stats

Quiz Updated Apr 8, 2018

Challenge
Share
Tweet
Embed
Score 0/32 Timer 04:00
8 Plays Today
Hint 5-Letter Word % Correct
Headgear for a queenCROWN
96.3%
Mature; adult; _____ - upGROWN
95.8%
The color of summer leaves🍀 GREEN 🍀
93.6%
Joker of the group: _____ clownCLASS
93.4%
Breaking the _____ ceilingGLASS
93.3%
Necklace fastenerCLASP
92.9%
Common lawn plantGRASS
91.6%
Parsley, sage, rosemary, and ______THYME
90.7%
Over yonderTHERE
89.8%
Unifying idea (this quiz has one)THEME
87.8%
Oceanic top predatorSHARK
87.4%
Opposable digit 🍀 THUMB 🍀
86.8%
Sound of a nervous heartTHUMP
85.6%
Dutch term for previous rungGROEN
83.6%
A dozen dozensGROSS
82.4%
Overall winner (abbr.)CHAMP
82.4%
Hint 5-Letter Word % Correct
Woodworking deviceCLAMP
82%
Gullible personCHUMP
81.5%
Roughly built hutSHACK
81.5%
Jungle Book's _____ Khan SHERE
81.4%
Type of scheme often used in poetryRHYME
81.4%
A part, or portionSHARE
81.2%
Loose; not tautSLACK
77.9%
'A Feast for ___' - G.R.R MartinCROWS
77.7%
Oil patch floating on waterSLICK
75.8%
AngryCROSS
74.1%
Identifying mark left at a crime scene🍀 PRINT 🍀
53.1%
Move stealthilySLINK
51.6%
French term for a head coldRHUME
47.5%
Any point on a compassRHUMB
44.6%
Short, sharp metallic soundPLINK
32.2%
Dress carefully; be finicky PRINK
28.9%

Today's Daily Dose

You're not logged in!

Compare scores with friends on all Sporcle quizzes.
Sign Up with Email
OR
Log In

You Might Also Like...

Show Comments

Extras

Top Quizzes Today


Score Distribution

Your Account Isn't Verified!

In order to create a playlist on Sporcle, you need to verify the email address you used during registration. Go to your Sporcle Settings to finish the process.

Report this User

Report this user for behavior that violates our Community Guidelines.

Details: